| 000 | 01819nam a2200505 a 4500 | ||
|---|---|---|---|
| 001 | 20964 | ||
| 003 | VRT | ||
| 005 | 20260207123341.0 | ||
| 008 | 230403s1950 xo e 000 d slo | ||
| 015 | _aSKSNBA19451955-011120 | ||
| 020 | _q(brož.) | ||
| 035 | _aSK01SNKBKSFS20020089710 | ||
| 035 | _aurn:nbn:sk:snk-am3i66m | ||
| 035 | _aF6D5A8C6-9372-4CC4-887F-56F00C2AD377 | ||
| 035 | _aurn:nbn:sk:snk-am00dlhk | ||
| 035 | _aSKM000092173 | ||
| 039 | 9 |
_a202304032100 _bVLOAD _c202212050958 _dVLOAD _c202205120835 _dVLOAD _c202102111755 _dmsvkbb04 |
|
| 040 |
_aSNK _bslo _cSNK _eAACR2 |
||
| 041 | 1 |
_aslo _hrus |
|
| 044 |
_axo _cSK |
||
| 072 | 7 |
_a821.161.1 _xRuská literatúra _2konspekt |
|
| 080 |
_a821.161.1-2 _22011 |
||
| 100 | 1 |
_aSofronov, Anatolij Vladimirovič, _d1911-1990 _4aut |
|
| 240 | 1 | 0 |
_aMoskovskij charakter _lSlovensky |
| 245 | 1 | 0 |
_aMoskovský charakter _bhra v štyroch dejstvách, siedmich obrazoch _cA. Sofronov ; preložil K. Podolinský |
| 250 | _a1. vyd. | ||
| 260 |
_aTurčiansky Sv. Martin _bMatica slovenská _c1950 |
||
| 300 |
_a122 s. _c18 cm |
||
| 366 | _e30000 výt. | ||
| 490 | 1 |
_aPrekladová divadelná knižnica _vsv. 4 |
|
| 500 | _aPreložené z ruštiny | ||
| 655 | 7 |
_aruská dráma _2SNKPH |
|
| 655 | 7 |
_aRussian drama _2SNKPHeng |
|
| 700 | 1 |
_aPodolinský, Karol, _d1903-1998 _4trl |
|
| 830 | 0 | _aPrekladová divadelná knižnica | |
| 910 | _asnk | ||
| 942 |
_2ddc _cKLDO _n0 |
||
| 949 |
_617A0662605 _asnkSD 6934/4 D2 _bsnkD 233/63 |
||
| 949 |
_617A0662604 _asnkSD 6934/4 D1 _bsnkF 5341/62 |
||
| 949 |
_617A0662652 _asnkSD 6934/4 D3 _bsnkF 7405/63 |
||
| 949 |
_6270001000614027 _asvkbbS 46345 _bsvkbbm 8522 |
||
| 949 |
_62889178429 _asavukM 9890 |
||
| 949 |
_617A0912082 _asnkSD 6934/4 _bsnk5181/50 _oVIII. 3245/50 _s6100:20190903 |
||
| 999 |
_c20964 _d20964 |
||